000 00392nam a2200145Ia 4500
008 230917s9999||||xx |||||||||||||| ||und||
040 _e207697
_aMAIN
041 _aEnglish
082 _a363.7 S23E
100 _aSharma, H C
245 0 _aEnvironmental safety of biotech and conventional IPM technologies
260 _aNew Delhi
_bStudium Press
_c2012
300 _ax, 416 p.
942 _cBK
999 _c173437
_d173437